LEADER 01029nam0-22003491i-450- 001 990007828630403321 005 20080325153808.0 010 $a88-430-1026-3 035 $a000782863 035 $aFED01000782863 035 $a(Aleph)000782863FED01 035 $a000782863 100 $a20031003d1998----km-y0itay50------ba 101 0 $aita 102 $aIT 105 $ay---a---001yy 200 1 $a<>ricerca in psicologia$emodelli di indagine e di analisi dei dati$fAnna Paola Ercolani, Alessandra Areni, Lucia Mannetti 210 $aRoma$cCarocci$d1998 215 $a303 p.$d24 cm 225 1 $aUniversità$iPsicologia$v8 610 0 $aPsicologia$aRicerche 676 $a150.72$v21$zita 700 1$aErcolani,$bAnna Paola$0124291 701 1$aAreni,$bAlessandra$0128127 701 1$aMannetti,$bLucia$0118566 801 0$aIT$bUNINA$gRICA$2UNIMARC 901 $aBK 912 $a990007828630403321 952 $aP.1 PG 509$fFLFBC 959 $aFLFBC 996 $aRicerca in psicologia$9663362 997 $aUNINA LEADER 01177nam0 22003253i 450 001 TO00739055 005 20231121125840.0 100 $a20130523d1969 ||||0itac50 ba 101 | $aita 102 $ait 181 1$6z01$ai $bxxxe 182 1$6z01$an 200 1 $a˜I œparadisi fiscali$fAlain Vernay$gtraduzione di Furio Belfiore 210 $aMilano$cIl saggiatore$d1969 215 $a334 p.$d22 cm. 225 | $aGutenberg & Company 410 0$1001RAV0044297$12001 $aGutenberg & Company 500 10$a˜Les œparadis fiscaux.$3TO00805712$9TO0V324708$917299 606 $aEvasioni fiscali$2FIR$3CFIC028174$9I 606 $aCapitale$xEsportazione$2FIR$3LO1C554722$9I 676 $a345.0233$9Evasione fiscale. Diritto$v21 700 1$aVernay$b, Alain$3TO0V324708$4070$0280764 801 3$aIT$bIT-01$c20130523 850 $aIT-FR0017 899 $aBiblioteca umanistica Giorgio Aprea$bFR0017 $eN 912 $aTO00739055 950 0$aBiblioteca umanistica Giorgio Aprea$d 52DES 345 Ver.Par.$e 52SBA0000189825 VMB RS $fA $h20150730$i20150730 977 $a 52 996 $aParadis fiscaux$917299 997 $aUNICAS LEADER 02045nam0 22004333i 450 001 RMS1678870 005 20231121125809.0 100 $a20070209d2006 ||||0itac50 ba 101 | $aita$alat 102 $ait 181 1$6z01$ai $bxxxe 182 1$6z01$an 200 1 $aGuglielmo De Cro˙ duca di Sora e le vicende storiche di Rocca Sorella$fAlessandro Rosa 210 $aSora$c[a cura dell'autore]$d2006$eSora$gArti Grafiche Pasquarelli 215 $a191 p.$cill.$d21 cm 300 $aSeguono: 6 appendici documentarie 300 $aIl cognome dell'autore in tutte lettere maiuscole 300 $aFoto aeree: Rocco Tersigni; traduzioni: Marina Martinelli, Francesca Cerrone. 606 $aGuglielmo De Cro˙$2FIR$3RMLC387287$9I 606 $aCastelli$xRocca Sorella$xLazio$xSora$2FIR$3RMLC421887$9I 606 $aDe Croy, Guglielmo <1458-1521>$2FIR$3RMLC298390$9I 606 $aSora$xRocca Sorella$2FIR$3RMLC298392$9I 676 $a920.71$9BIOGRAFIE DI UOMINI$v21 676 $a945.62$9Storia. Lazio$v21 700 1$aRosa$b, Alessandro$f <1960- >$3RMLV083641$01447019 790 1$aROSA$b, Alessandro$3RMLV084533$zRosa, Alessandro <1960- > 801 3$aIT$bIT-01$c20070209 850 $aIT-RM0313 $aIT-RM0281 $aIT-RM0459 $aIT-RM0211 $aIT-FR0084 $aIT-FR0017 899 $aBIBLIOTECA CASANATENSE$bRM0313 899 $aBIBLIOTECA VALLICELLIANA$bRM0281 899 $aARCHIVIO DI STATO DI ROMA$bRM0459 899 $aFondazione Marco Besso$bRM0211 899 $aBiblioteca Del Monumento Nazionale Di Montecassino$bFR0084 899 $aBiblioteca umanistica Giorgio Aprea$bFR0017 $eN 912 $aRMS1678870 950 0$aBiblioteca umanistica Giorgio Aprea$d 52MAG 6/494$e 52FLS0000378735 VMB RS $fA $h20201028$i20201028 977 $a 07$a 08$a 12$a 14$a 25$a 52 996 $aGuglielmo De Cro˙ duca di Sora e le vicende storiche di Rocca Sorella$93635100 997 $aUNICAS